| 000 | 01194cam a22001934a 4500 | ||
|---|---|---|---|
| 005 | 20250605163932.0 | ||
| 008 | 250528s ||||||||||||||||||||||||d | ||
| 035 | _a14734 | ||
| 020 | _a915145650 | ||
| 040 |
_aGR-AtMCL _bgre _dGR-AtMCL _eAACR2 |
||
| 245 | 1 | _aAristotle / Nicomachean Ethics | |
| 260 |
_bHackett Publishing Company, _c1985 |
||
| 300 | _a448 | ||
| 520 | _aThis book is a central text in Greek Ethics, a primary source of medieval ethics, and a permanent stimulus to constructive thought about morality. Preface, Introduction, Note on the Text, Abbreviations, Nicomachean Ethics, The Highest Good: Happiness, Virtues of Character in General, The Preconditions of Virtue, The Individual Virtues of Character, Justice, Virtues of Thought, Conditions Connected with Virtue and Vice: Continence and Incontinence, The Varieties of Friendship, Disputes Between Friends with Dissimilar Aims, The Sources of Justification of Friendship, Pleasure, Happiness: Further Discussion, Ethics and Moral Education and Politics, Notes, Annonated Glossary, Aristotle's Literary References, Further Reading. | ||
| 700 | 1 |
_aIrwin Terence _9485 |
|
| 942 | _cBK | ||
| 999 |
_c354 _d354 |
||